| 000 | 00000nam 2200000zi 4500 |
| 001 | 9.899277 |
| 003 | CaOODSP |
| 005 | 20240725083921 |
| 006 | m o d f |
| 007 | cr |n||||||||| |
| 008 | 210428e197304 onc o f000 0|eng d |
| 040 | |aCaOODSP|beng|erda|cCaOODSP |
| 043 | |an-cn--- |
| 086 | 1 |aRE22-112/1973E-PDF |
| 245 | 00|aAssessment of the regional development incentives program. |
| 264 | 1|a[Ottawa] : |bDepartment of Regional Economic Expansion, |cApril 1973. |
| 300 | |a1 online resource (vi, 73 pages) : |bmap |
| 336 | |atext|btxt|2rdacontent |
| 337 | |acomputer|bc|2rdamedia |
| 338 | |aonline resource|bcr|2rdacarrier |
| 500 | |aDigitized edition from print [produced by Innovation, Science and Economic Development Canada]. |
| 500 | |aIssued also in French under title: Évaluation du programme de subventions au développement régional. |
| 650 | 0|aIndustrial promotion|zCanada. |
| 650 | 0|aEconomic assistance, Domestic|zCanada. |
| 650 | 0|aRegional planning|zCanada. |
| 710 | 1 |aCanada. |bDepartment of Regional Economic Expansion, |eissuing body. |
| 775 | 08|tÉvaluation du programme de subventions au développement régional.|w(CaOODSP)9.941010 |
| 856 | 40|qPDF|s1.85 MB|uhttps://publications.gc.ca/collections/collection_2024/isde-ised/re22/RE22-112-1973-eng.pdf |